• 首页
  • 本馆介绍
  • 公告通知
  • 最新文献
  • 馆藏检索
  • 电子资源
  • 读者导购
  • 参考咨询
  • 我的图书馆
  • 登录
  • 详细信息显示
  • 放入我的书架
  • 预约/预借图书
  • 作者相关作品
  • 分类相关作品
  • 丛书相关作品
  • 出版社相关作品

书目信息

  • 表格格式
  • 工作单格式
  • 卡片格式
题名:
周易正义
    
 
作者: 孔颖达 撰
分册: 第二册  
出版信息: 北京   文物出版社  1982.07
页数: 1册
开本: 18*13cm
丛书名: 家业堂丛书之一
单 册:
中图分类: B221.2
科图分类:
主题词: 先秦哲学
电子资源:
ISBN:
000 00749nam0 2200265 450
001 0655281984
005 20061017163924.82
010    @b线装@dCNY50.00
091    @a7068.949
100    @a20061017d1982 km y0chiy0120 ea
101 0  @achi
102    @aCN@b110000
102    @aCN@b110000
200 1  @a周易正义@Azhou yi zheng yi@h第二册@f(唐)孔颖达撰@F(tang)kong ying da zhuan
210    @a北京@c文物出版社@d1982.07
215    @a1册@d18*13cm
225 2  @a家业堂丛书之一
300    @a第一册至第六册为第一函,十四卷,书后附校勘二卷
306    @a1982年7月木板刷印
410  0 @12001 @a嘉业堂丛书之一
606 0  @a先秦哲学
690    @aB221.2@v3
701  0 @a孔颖达@Akong ying da@4撰
801  0 @aCN@bPFT@c20061017
905    @a10447@dB221.2@e1:2
    
    周易正义.第二册/(唐)孔颖达撰.-北京:文物出版社,1982.07
    1册;18*13cm.-(家业堂丛书之一)
    第一册至第六册为第一函,十四卷,书后附校勘二卷
    
    ISBN (线装):CNY50.00
    
●
相关链接 在E读中查询图书 在五车中查询图书 在当当中查询图书 在豆瓣中查询图书


正题名:周易正义     索取号:B221.2/1:2         预约/预借

序号 登录号 条形码 馆藏地/架位号 状态 备注
1 0222580   202404193   古籍典藏专区/ [索取号:B221.2/1:2] 在馆    
2 0222586   202404255   古籍典藏专区/ [索取号:B221.2/1:2] 在馆    
唐山师范学院图书馆 欢迎您!
大连网信软件有限公司© 版权所有